000 00924nam a22003017a 4500
003 CHAP
005 20220329134614.0
008 971013s1971 r 00010 d
010 _a22932
011 _a23904
035 _a28001
040 _cCHAP
082 _a338.47665
_bB8
100 0 0 _aBraga, Heison C.
_914983
245 _aOs oleos essencias do Brasil ; estudo económico
260 _aRío de Janeiro :
_bInstituto de Oleos,
_c1971
300 _a157 p.
590 _aBATCH-UPD
_b10
_c20130110
_lUCH01
_h0226
590 _aBATCH-UPD
_b10
_c20130110
_lUCH01
_h1837
590 _aBATCH-UPD
_b10
_c20130410
_lUCH01
_h1208
590 _aBATCH-UPD
_b10
_c20130914
_lUCH01
_h0746
590 _aCONVERSION
_b10
_c20130109
_lUCH01
_h1313
650 1 4 _aEsencias.
_937677
650 1 4 _aPlantas aromáticas.
_988900
901 _aBK
942 _cLIBRO
949 _a338.47665 B8
_bBC
_cLIBRO
_d33724000417028
_eLIBRO
_h41962
_i28001
_si
999 _c22932
_d22932